| 000 | 00000nam##2200000za#4500 |
| 001 | 9.574508 |
| 003 | CaOODSP |
| 005 | 20210624184222 |
| 007 | cr ||||||||||| |
| 008 | 150406|2006||||xxc|||||o f|0| 0 eng|d |
| 040 | |aCaOODSP|beng |
| 043 | |an-cn--- |
| 086 | 1 |aTU3-5/06-12E-PDF |
| 110 | 2 |aTransportation Safety Board of Canada. |
| 245 | 10|aLoss of control and collision with terrain - Bede BD5-J C-GBDV, Ottawa/Carp Airport, Ontario, 16 June 2006 |h[electronic resource] |
| 260 | |aGatineau - Quebec : |bTransportation Safety Board of Canada |c2007. |
| 300 | |a9p.|bphotographs |
| 490 | 1 |aAviation investigation report |vA06O0141 |
| 500 | |a"The Board authorized the release of this report on 02 May 2007" --p.8. |
| 590 | |a12-33-Supp|b2012-07-18 |
| 775 | 08|tPerte de maîtrise et collision avec le relief du Bede BD5-J C-GBDV à l'aéroport d'Ottawa/Carp (Ontario), le 16 juin 2006 |w(CaOODSP)9.604252 |
| 830 | #0|aAviation investigation report ;|vA06O0141|w(CaOODSP)9.504825 |
| 856 | 40|ahttp://publications.gc.ca|qPDF|s3232 KB|uhttps://publications.gc.ca/collections/collection_2012/bst-tsb/TU3-5-06-12-eng.pdf|yA06O0141 |